|
|
|
|
| LEADER |
00000naa a2200000uu 4500 |
| 001 |
vtls011034068 |
| 003 |
SK-MaSNL |
| 005 |
20260302124813.0 |
| 008 |
210907|2002 xo |||||||||||||||||eng| |
| 015 |
|
|
|a SNBRA
|
| 035 |
|
|
|a (urnnbn)urn:nbn:sk:snk:ar-008sjy
|
| 035 |
|
|
|a (uuid)b153eee5-6d3e-41f9-aa09-1b4243ffa47b
|
| 035 |
|
|
|a urn:nbn:sk:snk-aauoe2
|
| 040 |
|
|
|a SNKBUCL
|b slo
|c SNKBUCL
|e AACR2
|
| 041 |
0 |
|
|a eng
|
| 044 |
|
|
|a xo
|c SK
|
| 100 |
1 |
|
|a Wierciak, J.
|4 aut
|9 811162
|
| 245 |
1 |
0 |
|a Selection of DC motor as well as gear ratio for reliable operation of mechatronic devices
|c J. Wierciak, W. Oleksiuk
|
| 700 |
1 |
|
|a Oleksiuk, W.
|4 aut
|9 811141
|
| 773 |
0 |
|
|t Dynamics of Gear Drives
|d In Bratislava : Slovak University of Technology, 2002
|g S. 45
|z 8022717088
|
| 958 |
|
|
|a OND
|
| 958 |
|
|
|a article12
|
| 958 |
|
|
|a chapter
|
| 999 |
|
|
|c 1290184
|d 1292114
|